Cours complet de comptabilité

Saved in:
Bibliographic Details
Format: Book
Language:French
Published: Paris Masson 1889
Tags: Add Tag
No Tags, Be the first to tag this record!

MARC

LEADER 00000nam a2200000 4500
001 0313349
005 20251125100415.2
041 0 |a fre 
044 |a FR 
245 1 0 |a Cours complet de comptabilité  |c Joseph Barré 
264 1 |a Paris  |b Masson  |c 1889